000 01058cad a22001935a 4500
001 L150541
008 100726s2010 xxk f 000 0 eng d
035 _a(Sirsi) u150541
041 0 _aeng
110 2 _aCommission for Architecture and the Built Environment
_94058
245 0 0 _aGetting the big picture right
_ba guide to large scale urban design
_h[electronic resource]
260 _aLondon
_bCABE
_c2010
520 _aCABE advice on a new approach to large scale urban design to allow people to shape the places they live and work in. Encourages more integrated working across local authority boundaries which can strengthen local prosperity in ways such as linking specialised centres together to support a knowledge economy.
590 _aKA NTK
651 4 _aUnited Kingdom
_y
690 _aBUILT ENVIRONMENT-CONSTRUCTION DESIGN
856 4 0 _uhttps://webarchive.nationalarchives.gov.uk/20110118095356/http:/www.cabe.org.uk/files/getting-the-big-picture-right.pdf
_zView the report free of charge at webarchive.nationalarchives.gov.uk
942 _n0
999 _c110902
_d110902